Social responsibility at the workplace; Journal of Economics and Social Sciences; № 12

Detaylı Bibliyografya
Parent link:Journal of Economics and Social Sciences: electronic scientific journal.— , 2012-.— 2312-2978
№ 12.— 2018.— [3 p.]
Yazar: Andrejchenko A. Andrey
Müşterek Yazar: National Research Tomsk Polytechnic University (TPU)
Özet:Title screen
The author examines the influence of some factor of the working environment on the human body. It is known that realworking environment is characterized by various harmful and dangerous factors. There is often no clear boundarybetween the dangerous and harmful factors, every factor can lead to health loss eventually. Therefore, in anymanufacturing, it is necessary to guarantee employee safety at his/her working place. There are too many norms andsafety rules. To ensure safety is the main task of the employer. This paper deals with dangerous and harmful factors, aswell as measures to limit their impact on the employee.
Dil:İngilizce
Baskı/Yayın Bilgisi: 2018
Seri Bilgileri:Социологические науки
Konular:
Online Erişim:http://earchive.tpu.ru/handle/11683/49526
Materyal Türü: MixedMaterials Elektronik Kitap Bölümü
KOHA link:https://koha.lib.tpu.ru/cgi-bin/koha/opac-detail.pl?biblionumber=578269

MARC

LEADER 00000naa2a2200000 4500
001 578269
005 20231101130438.0
035 |a (RuTPU)RU\TPU\prd\277822 
035 |a RU\TPU\prd\277821 
090 |a 578269 
100 |a 20180620a2018 k y0rusy50 ba 
101 0 |a eng 
102 |a RU 
135 |a drcn ---uucaa 
181 0 |a i  
182 0 |a b 
200 1 |a Social responsibility at the workplace  |f A. Andrejchenko  
203 |a Text  |c electronic 
215 |a 1 файл (149 Кб) 
225 1 |a Социологические науки 
230 |a Электронные текстовые данные (1 файл : 149 Кб) 
300 |a Title screen 
320 |a [References: 5 tit.] 
330 |a The author examines the influence of some factor of the working environment on the human body. It is known that realworking environment is characterized by various harmful and dangerous factors. There is often no clear boundarybetween the dangerous and harmful factors, every factor can lead to health loss eventually. Therefore, in anymanufacturing, it is necessary to guarantee employee safety at his/her working place. There are too many norms andsafety rules. To ensure safety is the main task of the employer. This paper deals with dangerous and harmful factors, aswell as measures to limit their impact on the employee. 
461 1 |0 (RuTPU)RU\TPU\prd\225573  |x 2312-2978  |t Journal of Economics and Social Sciences  |o electronic scientific journal  |d 2012- 
463 1 |0 (RuTPU)RU\TPU\prd\277806  |t № 12  |v [3 p.]  |d 2018 
610 1 |a труды учёных ТПУ 
610 1 |a электронный ресурс 
610 1 |a harmful factors 
610 1 |a electrical safety 
610 1 |a radiation 
610 1 |a lighting 
610 1 |a вредные факторы 
610 1 |a электробезопасность 
610 1 |a радиация 
610 1 |a освещение 
700 1 |a Andrejchenko  |b A.  |g Andrey 
712 0 2 |a National Research Tomsk Polytechnic University (TPU)  |2 stltpush  |3 (RuTPU)RU\TPU\col\18773 
801 1 |a RU  |b 63413507  |c 20090623  |g PSBO 
801 2 |a RU  |b 63413507  |c 20180718  |g PSBO 
856 4 |u http://earchive.tpu.ru/handle/11683/49526 
942 |c BK